Irrupción del pobre y quehacer filosófico : hacia una nueva racionalidad /

Enregistré dans:
Détails bibliographiques
Auteur principal: Scannone, Juan Carlos (compilación)
Collectivité auteur: Equipo Jesuita Latinoamericano de Reflexión Filosófica
Autres auteurs: Perine, Marcelo (compilación) (compilación)
Format: Livre
Langue:espagnol
Publié: Buenos Aires, Argentina : Bonum, 1993, c1993
Collection:(Nuevos Enfoques Latinoamericanos ; 1)
Sujets:
Tags: Ajouter un tag
Pas de tags, Soyez le premier à ajouter un tag!

MARC

LEADER 00000nam^a2200000^a^4500
001 000410998
005 20250521000000.0
009 20260310122101.195
020 |a 950-507-358-5 
025 |a Donación Jesús Vergara Aceves, 1 ejemplar 
037 |a Acervo Xavier Clavigero 
041 |a ESP 
082 |a 199. 80  |b SCA 
100 |a Scannone, Juan Carlos  |e (compilación) 
245 1 0 |a Irrupción del pobre y quehacer filosófico :  |b hacia una nueva racionalidad /  |c Comp. de J.C. Scannone, M. Perine. 
264 4 |a Buenos Aires, Argentina :  |b Bonum,  |c 1993, c1993 
300 |a 256 p. 
336 |a texto  |b txt  |2 rdacontenido 
337 |a sin mediación  |b n  |2 rdamedio 
338 |a volumen  |b nc  |2 rdasoporte 
440 1 |a (Nuevos Enfoques Latinoamericanos ;  |v 1) 
649 |a XX 
650 |a Pobreza -  |z Latinoamérica 
650 |a Marginación -  |z Latinoamérica 
650 |a Diferencia y Otredad -  |z Latinoamérica 
650 |a Inculturación -  |z Latinoamérica 
650 |a Cultura Popular -  |z Latinoamérica 
650 |a Prácticas Culturales -  |z Latinoamérica 
650 |a Etica 
650 |a Metafísica 
650 |a Hermenéutica 
650 |a Antropología Filosófica 
650 |a Fenomenología 
650 |a Filosofía del Siglo XX 
650 |a Filosofía Latinoamericana -  |x Tema Principal 
710 |a Equipo Jesuita Latinoamericano de Reflexión Filosófica 
700 |a Perine, Marcelo  |e (compilación) 
910 |a Fondo Jesús Vergara Aceves S.J. 
920 |a Impresos - Libros 
930 |a Fondos Especiales 
905 |a 119 
901 |a 0500160005  |b IT2  |c ESP  |u 20250521 
902 |a https://opac.biblio.iteso.mx/vufind/Record/000410998